000 00734nam a2200289Ia 4500
005 20260324113009.0
008 008 260324s9999 xx 000 0 eng d
020 _a9781003483786
037 _aEBOOK
040 _aCRL
040 _beng
040 _cCRL
041 _2eng
041 _aeng
084 _qCRL
100 _aSouhir Zghal; Fakhreddine Dammak
_91145001
245 0 _aFunctionally Graded Materials
245 0 _bAnalysis and Applications to FGM, FG-CNTRC and FG Porous Structures
260 _bTaylor and Francis
260 _c2024
365 _a
365 _b355
856 _uhttp://www.taylorfrancis.com/books/9781003483786
942 _cEBOOK
999 _c1734412
_d1734412